1905 1312 1922 1876 1632 1180 1660 1173 1828 1714 1093 1826 1507 1270 1518 1060 1276 1149 1915 1479 1724 1217 1822 1098 1033 1698 1347 1605 1651 1550 1431 1591 1983 1906 1766 1444 1045 1874 1051 1516 1784 1211 1737 1986 1691 1556 1145 1830 1889 1025 1121 1143 1130 1032 1989 1266 1762 1905 1294 1886 1426 1107 1590 1700 1673 1132 1194 1960 1293 1507 1541 1054 1251 1801 1849 1530 1128 1846 1573 1196 1270 1039 1604 1790 1993 1179 1070 1835 1193 1867 1321 1317 1032 1167 1709 1853 1692 1444 1892 BCNSPRNW ULIB Ver.6.0+V

เปลี่ยนเป็นภาษาไทย

Change to English
 แสดงรายละเอียดบรรณานุกรม
  กลับหน้าหลัก

Brief Record : Get Marc (ISO 2709) : E-mail record : QR code < ปิดหน้าต่าง
LEADER : 00000nam 2200000uu 4500
001    13399123021
003     ULIB
008    131128s2555||||th 000 0 tha d
020    ^a97861621425635
090    ^aนว^bพ187พ ล.20
100 0  ^aพนมเทียน
245 10 ^aเพชรพระอุมา: ป่าโลกล้านปี เล่ม 4/^cพนมเทียน
250    ^aพิมพ์รวมเล่มครั้งที่ 6
260    ^aกรุงเทพฯ :^bณ บ้านวรรณกรรม,^c2555
300    ^a414 หน้า
505 00 ^a^gล.1-4^tไพรมหากาฬ --^gล.5-8^tดงมรณะ -- ^gล.9-12^tจอมผีดิบมันตรัย -- ^gล.13-16^tอาถรรพณ์นิทรานคร -- ^gล.17-20^tป่าโลกล้านปี -- ^gล.21-24^tแงซายจอมจักรา -- ^gล.25-28^tจอมพราน -- ^gล.29-32^tไอ้งาดำ -- ^gล.33-36^tจิตรางคนางค์-- ^gล.37-40^tนาคเทวี -- ^gล.41-44^tแด่ปางบรรพ์ -- ^gล.45-48^tมงกุฎไพร
650  4 ^aนวนิยายไทย
945    ^p225^l0^i034224
999    ^aเกษร โพธิ์สุวรรณ
รายการนี้ยังไม่มีแท็ก
คุณยังไม่ได้ล็อกอิน คุณสามารถมีกิจกรรมร่วมกับเว็บไซต์ได้ แต่ต้องล็อกอินก่อน ::
  ล็อกอิน

รายการสื่อสารสนเทศ

ลำดับที่ ประเภท เลขเรียก/บาร์โค้ด สถานที่ สถานะ
1. นวนิยาย
นวนิยาย
นว พ187พ ล.20  
  Barcode: 034224
ห้องสมุดวิทยาเขตสวรรค์ประชารักษ์
►นวนิยาย
บนชั้น
  ขอยืม

รายการใกล้เคียง
    ผู้แต่ง [พนมเทียน]

    หัวเรื่อง [นวนิยายไทย]

BibComment


ยังไม่เคยถูกคอมเมนท์

คอมเมนท์ทรัพยากรรายการนี้
  คอมเมนท์: เพชรพระอุมา ป่าโ..


 Copyright 2026. Bcnsprnw @Library